| 000 | 00650nam a2200205Ia 4500 | ||
|---|---|---|---|
| 005 | 20250326144114.0 | ||
| 008 | 250326s9999 xx 000 0 und d | ||
| 020 | _a0-19-568674-8 | ||
| 037 | _aTextbook | ||
| 040 |
_aFMSL _beng _cFMSL |
||
| 041 |
_aeng _2eng |
||
| 084 |
_aW66.1(Y.41) P7 _qFMSL |
||
| 100 | _aBardhan Pranab | ||
| 245 | 0 |
_aDecentralization and local goverce in developing countries:A comparative perspective _cBardhan Pranab; Mookherjee Dilip |
|
| 260 |
_aNew Delhi _bNew Delhi, Oxford University Press _c2007 |
||
| 300 | _avi,363 | ||
| 365 | _b675 | ||
| 942 |
_cTB _hW66.1(Y.41) P7 |
||
| 999 |
_c1302378 _d1302378 |
||